|
|
|
|
| LEADER |
01685nam a2200397 i 4500 |
| 001 |
EBC5625507 |
| 003 |
MiAaPQ |
| 005 |
20200520144314.0 |
| 006 |
m o d | |
| 007 |
cr cnu|||||||| |
| 008 |
190117s2019 ne o 000 0 eng d |
| 020 |
|
|
|z 9789462984356
|
| 020 |
|
|
|a 9789048535019 (e-book)
|
| 035 |
|
|
|a (MiAaPQ)EBC5625507
|
| 035 |
|
|
|a (Au-PeEL)EBL5625507
|
| 035 |
|
|
|a (CaPaEBR)ebr11641763
|
| 035 |
|
|
|a (OCoLC)1080312040
|
| 040 |
|
|
|a MiAaPQ
|b eng
|e rda
|e pn
|c MiAaPQ
|d MiAaPQ
|
| 050 |
|
4 |
|a HT166
|b .V578 2019
|
| 082 |
0 |
|
|a 307.76
|2 23
|
| 245 |
0 |
0 |
|a Visualizing the street :
|b new practices of documenting, navigating and imagining the city /
|c edited by Pedram Dibazar and Judith Naeff.
|
| 264 |
|
1 |
|a Amsterdam :
|b Amsterdam University Press,
|c [2019]
|
| 264 |
|
4 |
|c 2019
|
| 300 |
|
|
|a 1 online resource (255 pages)
|
| 336 |
|
|
|a text
|b txt
|2 rdacontent
|
| 337 |
|
|
|a computer
|b c
|2 rdamedia
|
| 338 |
|
|
|a online resource
|b cr
|2 rdacarrier
|
| 588 |
|
|
|a Description based on print version record.
|
| 590 |
|
|
|a Electronic reproduction. Ann Arbor, MI : ProQuest, 2018. Available via World Wide Web. Access may be limited to ProQuest affiliated libraries.
|
| 650 |
|
0 |
|a Cities and towns
|x Effect of technological innovations on.
|
| 655 |
|
4 |
|a Electronic books.
|
| 700 |
1 |
|
|a Dibazar, Pedram,
|e editor.
|
| 700 |
1 |
|
|a Naeff, Judith,
|e editor.
|
| 776 |
0 |
8 |
|i Print version:
|t Visualizing the street : new practices of documenting, navigating and imagining the city.
|d Amsterdam : Amsterdam University Press, c2019
|h 255 pages
|z 9789462984356
|
| 797 |
2 |
|
|a ProQuest (Firm)
|
| 856 |
4 |
0 |
|u https://ebookcentral.proquest.com/lib/matrademy/detail.action?docID=5625507
|z Click to View
|